A study of Fakhr al-Din al-Razi, and his controversies in Transoxiana / (Record no. 79442)
[ view plain ]
| 000 -LEADER | |
|---|---|
| fixed length control field | 01731nam a2200349 a 4500 |
| 001 - CONTROL NUMBER | |
| control field | 79442 |
| 003 - CONTROL NUMBER IDENTIFIER | |
| rucl marc code | BD-RjUL |
| 005 - DATE AND TIME OF LATEST TRANSACTION | |
| control field | 20220222143341.0 |
| 008 - FIXED-LENGTH DATA ELEMENTS--GENERAL INFORMATION | |
| fixed length control field | 220222s1966 le 000 0 eng d |
| 035 ## - SYSTEM CONTROL NUMBER | |
| System control number | (BD-RjUL)79442 |
| 040 ## - CATALOGING SOURCE | |
| Original cataloging agency | HAI |
| Language of cataloging | eng |
| Transcribing agency | BD-RjUL |
| 041 0# - LANGUAGE CODE | |
| Language code of text/sound track or separate title | eng |
| -- | ara |
| 082 ## - DEWEY DECIMAL CLASSIFICATION NUMBER | |
| Edition number | 23 |
| Classification number | 181.07 |
| Author mark and year | RAS 1966 |
| 100 1# - MAIN ENTRY--PERSONAL NAME | |
| Personal name | Rāzī, Fakhr al-Dīn Muḥammad ibn ʻUmar, |
| Dates associated with a name | 1149 or 1150-1210 |
| 9 (RLIN) | 1531 |
| 245 12 - TITLE STATEMENT | |
| Title | A study of Fakhr al-Din al-Razi, and his controversies in Transoxiana / |
| Statement of responsibility, etc. | [by] Fathalla Kholeif |
| 246 33 - VARYING FORM OF TITLE | |
| Title proper/short title | مناظرات فخر الدين الرازي في بلاد ما وراء النهر |
| 260 ## - PUBLICATION, DISTRIBUTION, ETC. (IMPRINT) | |
| Place of publication, distribution, etc. | Beyrouth : |
| Name of publisher, distributor, etc. | Dar el-Machreq, |
| Date of publication, distribution, etc. | 1966 |
| 300 ## - PHYSICAL DESCRIPTION | |
| Pagination | xvi, 226, 70 p. ; |
| Size | 25 cm. |
| 490 1# - SERIES STATEMENT | |
| Series statement | Universite Saint-Joseph (Beirut, Lebanon). Institut de lettres orientales. Recherches ; |
| Volume/sequential designation | 1:31 |
| Series statement | Recherches (Universite Saint-Joseph (Beirut, Lebanon). Institut de lettres orientales). |
| 500 ## - GENERAL NOTE | |
| General note | باب اضافي بالعربية: مناظرات فخر الدين الرازي في بلاد ما وراء النهر |
| General note | In Arabic and English. |
| General note | Added t.p. in Arabic. |
| 650 #4 - SUBJECT ADDED ENTRY--TOPICAL TERM | |
| Topical term or geographic name as entry element | Islamic philosophy |
| Form subdivision | Early works to 1800. |
| 9 (RLIN) | 1532 |
| 700 1# - ADDED ENTRY--PERSONAL NAME | |
| Personal name | الرازي، فخر الدين محمد بن عمر، |
| Dates associated with a name | 1149 أو 1150-1210 |
| Personal name | خليف، فتح الله |
| Personal name | Khulaif, Fath Allah |
| 830 #0 - SERIES ADDED ENTRY--UNIFORM TITLE | |
| Uniform title | Recherches (Universite Saint-Joseph (Beirut, Lebanon). Institut de lettres orientales) |
| Uniform title | Recherches (Universite Saint-Joseph (Beirut, Lebanon). Institut de lettres orientales) ; |
| Volume number/sequential designation | 31 |
| Uniform title | Recherches (Universite Saint-Joseph (Beirut, Lebanon). Institut de lettres orientales). |
| 942 ## - ADDED ENTRY ELEMENTS (KOHA) | |
| Source of classification or shelving scheme | Dewey Decimal Classification |
| Koha item type | Books |
| Lost status | Source of classification or shelving scheme | Damaged status | Not for loan | Collection code | Permanent Location | Current Location | Shelving location | Date acquired | Source of acquisition | Total Checkouts | Full call number | Date last seen | Copy number | Koha item type |
|---|---|---|---|---|---|---|---|---|---|---|---|---|---|---|
| Dewey Decimal Classification | Not For Loan | Non-fiction | Central Library, University of Rajshahi | Central Library, University of Rajshahi | Reading Room | 24/09/1968 | Zeitlinger | A 181.07 RAS 1966 | 22/02/2022 | C-1 | Books |